000 01169nam a2200253Ia 4500
999 _c52690
_d52690
001 19715
003 GE_BSU
005 20200402135948.0
008 181216s1986||||ge |||||||||||||| ||geo||
040 _cGE_BSU
041 _ageo
080 _a811.353.1'367.625 ს-97
100 _aსუხიშვილი, მ.
_97833
245 _aგარდამავალი ზმნები ქართულში :
_bსისტემისა და ისტორიის ზოგი საკითხი /
_cმ. სუხიშვილი ; რედ. პროფ. თ. უთურგაიძე.
264 _aთბილისი :
_bმეცნიერება,
_c1986.
300 _a123 გვ. ;
_e21 სმ.
520 _aრეზიუმე რუსულ ენაზე
541 _h2 ლ.
653 _aგარდამავალი ზმნები ქართულში
653 _aზმნა ქართულ ენაში
653 _aსისტემისა და ისტორიის ზოგი საკითხი
700 _aსუხიშვილი, მ.
_97833
942 _cBK
_2udc